| 000 | 00556nam a2200169 i 4500 | ||
|---|---|---|---|
| 001 | 33074 | ||
| 003 | ES-MaACL | ||
| 005 | 20230906154706.0 | ||
| 007 | t| | ||
| 008 | 030201s1910 fr ||||1| fre d | ||
| 100 | 1 |
_aBesançon, Alfred. _928564 |
|
| 245 | 1 | 4 |
_aLes adversaires de l'hellénisme á Rome pendant la période republicaine / _cpar Alfred Besançon. |
| 260 |
_aParís : _b[s.n., _c1910] ( _eVevey : _fImp. Sèauberlin et Pfeuffer) |
||
| 300 |
_aXVIII, 351 p. ; _c25 cm. |
||
| 650 | 4 |
_aCivilización clásica. _9139535 |
|
| 852 |
_aES-MaACL _jB-4514 |
||
| 999 |
_c33074 _d33074 |
||